00366nam a22001337a 450000500170000000800410001704100220005808200130008010000120009324500390010526000370014430000260018165000250020720240823102745.0240823b |||||||| |||| 00| 0 eng d aEnglish/Afrikaans a349 LAW  lEnglish aThe Laws of South West Africa 1963 aWindhoek: bBy Authority, c1963 b1145 pages; c25 cm.  aLegal practice bLaw